Statistics for Wards of Monaco With a Map

Click here to take the quiz!

General Stats

  • This quiz has been taken 1,241 times
    (1,228 since last reset)
  • The average score is 4 of 9

Answers on the Map

Answers color-coded by a green-red scale on the quiz's map according to % correct below.
 

Answer Stats

Ward% Correct
Monte-Carlo
94%
Monaco-Ville
54%
Fontvieille
40%
Jardin exotique
35%
La Condamine
33%
Larvotto
33%
La Rousse
32%
Ravin de Sainte-Dévote
26%
Les Moneghetti
20%

Score Distribution

Percentile by Number Answered

Percent of People with Each Score

Your Score History

You have not taken this quiz since the last reset